Proceedings IFKAD 2024 19th International Forum on Knowledge Asset Dynamics

Na minha lista:
Detalhes bibliográficos
Autor Corporativo: IFKAD 2024. Translating Knowledge into Innovation Dynamics
Formato: Livro
Idioma:inglês
Publicado em: Matera Institute of Knowledge Asset Management 2024
Edição:1st Edition
Assuntos:
Tags: Adicionar Tag
Sem tags, seja o primeiro a adicionar uma tag!

MARC

LEADER 00000nam a2200000 4500
001 0312445
005 20250925103856.6
020 |a 978-88-96687-17-8 
022 |a 2280-787X 
041 0 |a eng 
044 |a IT 
245 1 0 |a Proceedings IFKAD 2024  |b 19th International Forum on Knowledge Asset Dynamics 
250 |a 1st Edition 
264 1 |a Matera  |b Institute of Knowledge Asset Management  |c 2024 
300 |a [3496 s.] 
610 2 0 |a vedomosti 
610 2 0 |a aktíva 
610 2 0 |a zber dát 
610 2 0 |a inovácia 
610 2 0 |a manažment znalostný 
610 2 0 |a transfer inovácií 
110 2 |a IFKAD 2024. Translating Knowledge into Innovation Dynamics